| 000 | 01272nam a22002657a 4500 | ||
|---|---|---|---|
| 001 | 9907 | ||
| 003 | FISKH | ||
| 005 | 20260313121713.0 | ||
| 008 | 260313b cb ||||| |||| 00| 0 eng d | ||
| 020 | _a0202122296 | ||
| 040 |
_aFISKH _beng _cFISKH _dFISKH |
||
| 082 | _a821.914 | ||
| 100 | _aGilmore , Mary | ||
| 245 |
_aThe singing tree : _bA selection of Mary Gilmore's poetry for young readers / _cBy Mary Gilmore : Illustrated by Astra Lacis Dick |
||
| 250 | _aFirst published 1971 | ||
| 260 |
_aLondon : _bAngus and Robertson , _c1971. |
||
| 300 |
_a72 pages : _billustrations ; _c22 cm . |
||
| 505 | _aR | ||
| 520 | _aThe Singing Tree is a collection of poems selected from the works of Mary Gilmore for young readers. The poems talk about: nature and trees Australian countryside and animals childhood and family feelings and imagination The poems use simple but beautiful language to help children enjoy poetry and understand emotions, nature, and everyday life. The book encourages young readers to appreciate nature, kindness, and imagination through rhythm and imagery. | ||
| 521 | 8 |
_a750
_bLexile estimate |
|
| 521 | 8 |
_aR
_bRaz-Plus |
|
| 700 |
_aDick , Astra Lacis _eIllustrator |
||
| 942 |
_2ddc _cBK _n0 |
||
| 999 |
_c9907 _d9907 |
||